A to A Geography Quiz Stats

 Plays Quiz Updated Mar 28, 2019

Score 0/35 Timer 10:00
2 Plays Today
Clue Place Name % Correct
Chad's continentAfrica
95.8%
This state gained admission to the Union in 1959Alaska
89.7%
Generic term for the lands of the Western Hemisphere, particularly the USAmerica
87.6%
Bhutan's continentAsia
85.2%
Lynyrd Skynyrd's Sweet HomeAlabama
81.3%
Tucson's stateArizona
78.2%
Host city of the 1996 Olympic Summer GamesAtlanta
74.1%
Home of the echidna, the emu and Dame EdnaAustralia
65.8%
The capital of Turkey isn't Istanbul (nor Constantinople) - it's thisAnkara
63.3%
Kosovars are ethnically related to the natives of this countryAlbania
63.2%
Canadian province where the Calgary Stampede takes placeAlberta
63%
European principalityAndorra
61.8%
Namibian neighbourAngola
61.4%
Winner of the FIFA World Cup in 1978 and 1986Argentina
59%
Peninsula between the Red Sea and the Persian GulfArabia
56.8%
70% of the world's fresh water is located hereAntarctica
52%
Gained independence from France in 1962Algeria
50.7%
This country ceased to exist from 1938 to 1945Austria
50.5%
Clue Place Name % Correct
This Egyptian city was the location of one of the Seven Wonders of the Ancient WorldAlexandria
48.5%
Georgia home of the Masters golf tournamentAugusta
46.4%
Caucasus Region republicArmenia
37.6%
Capital and largest city in GhanaAccra
33.8%
This island of the Lesser Antilles is an autonomous region of the NetherlandsAruba
32.2%
This island nation's capital is St. John'sAntigua and Barbuda
31.8%
Taj Mahal's cityAgra
29.8%
Haile Selassie's capital cityAddis Ababa
29.8%
Main tourist attraction in the Spanish city of GranadaAlhambra
27.5%
Spanish region where Granada, Cordoba, Seville and Malaga are locatedAndalusia
27.3%
European capital located in the PyreneesAndorra La Vella
26.3%
It used to be Lagos, but a West African nation's capital is now this planned cityAbuja
22.1%
Capital of SamoaApia
20.3%
The capital city of EritreaAsmara
18.6%
Term for the Asian portion of Turkey, especially its PlainAnatolia
14.1%
Breakaway region of Georgia; its independence is recognized by few countriesAbkhazia
11.3%
Once part of St Kitts - Nevis, this island is controlled by the UKAnguilla
10.8%

You're not logged in!

Compare scores with friends on all Sporcle quizzes.
OR
Log In

You Might Also Like...

Show Comments

Extras

Top Quizzes Today


Score Distribution

Your Account Isn't Verified!

In order to create a playlist on Sporcle, you need to verify the email address you used during registration. Go to your Sporcle Settings to finish the process.

Report this User

Report this user for behavior that violates our Community Guidelines.

Details: